000 00965nam a2200241 i 4500
001 175307
003 ES-MaACL
005 20250806062549.0
007 t|
008 101020s1974 sp f ||||1| spa d
080 _a929 Répide, Pedro de
080 _a860 Répide, Pedro de
100 1 _aSainz de Robles, Federico Carlos,
_d1898-1982
_9101593
245 1 0 _aPedro de Répide, ingenio y gala de Madrid
_b: (1882-1948) /
_cpor Federico Carlos Sainz de Robles.
260 _aMadrid :
_bAyuntamiento de Madrid, Delegación de Educación :
_bInstituto de Estudios Madrileños,
_c1974.
300 _a33 p. , [3] h. de lám. ;
_c22 cm.
490 1 _aCiclo de conferencias sobre madrileños ilustres ;
_v9
600 1 4 _aRépide, Pedro de,
_d1882-1948
_996267
710 2 _aInstituto de Estudios Madrileños
_94916
830 0 _aCiclo de conferencias sobre madrileños ilustres ;
_v9
_9189635
852 _aES-MaACL
_j2259-F-25
_xOlim P-55
999 _c175307
_d175307